| 000 | 004650000a22001810004500 | ||
|---|---|---|---|
| 003 | MACL | ||
| 005 | 20151021120937.0 | ||
| 008 | 151021b xxu||||| |||| 00| 0 eng d | ||
| 040 |
_aMACL _cMACL |
||
| 041 | _aEnglish | ||
| 082 | _a954/MEH | ||
| 100 |
_aTarla, Mehta _916155 |
||
| 245 | _aSanskrit Play Production in Ancient India | ||
| 260 |
_bMotilal Banarsidas Publishers _c1995 _aDelhi |
||
| 350 | _a400 | ||
| 650 |
_aIndian History _9227 |
||
| 942 |
_cBK _k954 _2ddc |
||
| 999 |
_c2467 _d2467 |
||